Az írógép - "elegáns premier" a színházban
Elmentve itt :
| Szerző: | |
|---|---|
| Dokumentumtípus: | Cikk |
| Megjelent: |
1971-11-28
|
| Sorozat: | Délmagyarország
61 No. 281 |
| Kulcsszavak: | Szegedi Nemzeti Színház |
| Online Access: | http://dmarchiv.bibl.u-szeged.hu/119527 |
| LEADER | 00474nab a2200157 i 4500 | ||
|---|---|---|---|
| 001 | delm119527 | ||
| 005 | 20190320101115.0 | ||
| 008 | 190320s1971 hu o 0|| hun d | ||
| 040 | |a SZTE Délmagyarország Archívum |b hun | ||
| 041 | |a hun | ||
| 100 | 1 | |a Tandi Lajos | |
| 245 | 1 | 3 | |a Az írógép - "elegáns premier" a színházban |h [elektronikus dokumentum] / |c Tandi Lajos |
| 260 | |c 1971-11-28 | ||
| 300 | |a 5 | ||
| 490 | 0 | |a Délmagyarország |v 61 No. 281 | |
| 695 | |a Szegedi Nemzeti Színház | ||